000 00467 a2200121 4500
001 ART_9189
005 20260410161558.0
008 260409a
245 1 0 _aModificaciones propuestas al Estándar/Norma Internacional de Educación 5 (IES 5). Requerimiento de experiencia práctica de la IAESB
100 1 _aSubelet, María Cecilia
700 1 _aSubelet, Carlos Javier
773 0 _tProfesional & Empresaria
_g- Año XII, Nº 146 (nov. 2011)
_wREV70
999 _c9449
_d9449